000 00841nam a2200181Ia 4500
008 100921s9999 xx 000 0 und d
082 _b40818
_a954 न 02
100 _aराजवाडे विश्वनाथ काशिनाथ.
245 _aमराठ्यांच्या इतिहासाची साधने-शिवकाल-2.
260 _bराजवाडे संशोधन मंडळ,धुळे.
_c2002
300 _a462
_b---
365 _b350
520 _aइतिहास-भारत.
630 _aमराठ्यांच्या इतिहासाची साधने-शिवकाल-2.
650 _aइतिहास-भारत.
730 _aमराठ्यांच्या इतिहासाची साधने-शिवकाल-2.
942 _cBOOK
999 _c789931
_d789928